ბათუმის შოთა რუსთაველის სახელმწიფო უნივერსიტეტის ბიბლიოთეკა

Практикум по защите растении (ბიბ.ჩანაწერი № 45681)

000 -LEADER
fixed length control field 00577nam a2200205Ia 4500
001 - CONTROL NUMBER
control field 12507
003 - CONTROL NUMBER IDENTIFIER
control field GE_BSU
008 - FIXED-LENGTH DATA ELEMENTS--GENERAL INFORMATION
fixed length control field 181216s||||||||xx |||||||||||||| ||und||
040 ## - CATALOGING SOURCE
Transcribing agency GE_BSU
080 ## - UNIVERSAL DECIMAL CLASSIFICATION NUMBER
Universal Decimal Classification number 632.9(075.32)
245 ## - TITLE STATEMENT
Title Практикум по защите растении
245 ## - TITLE STATEMENT
Statement of responsibility, etc. Под.ред.Н.Г.Берима
260 ## - PUBLICATION, DISTRIBUTION, ETC.
Place of publication, distribution, etc. Ленинград
260 ## - PUBLICATION, DISTRIBUTION, ETC.
Name of publisher, distributor, etc. Колос
260 ## - PUBLICATION, DISTRIBUTION, ETC.
Date of publication, distribution, etc. 1980
300 ## - PHYSICAL DESCRIPTION
Extent 246стр.21см.
300 ## - PHYSICAL DESCRIPTION
Dimensions указатель лит-ры с.245
653 ## - INDEX TERM--UNCONTROLLED
Uncontrolled term Практикум по защите растении
942 ## - ADDED ENTRY ELEMENTS (KOHA)
Koha item type წიგნი
ეგზემპლარები
Withdrawn status Lost status Damaged status Not for loan Date acquired Barcode Date last seen Price effective from Koha item type
        2018-12-17 20525 2018-12-17 2018-12-17 წიგნი